Viisi aakkosissa ensimmäistä valtiota maanosittain - Statistics

Yleistilastot
  • Tätä visaa on pelattu 1 719 kertaa
  • Keskiarvotulos 21 / 30
Vastaustilastot
maanosa valtio % Oikein
Oseania Australia
91%
Etelä-Amerikka Argentiina
89%
Afrikka Algeria
86%
Eurooppa Albania
84%
Eurooppa Andorra
84%
Eurooppa Alankomaat
83%
Afrikka Angola
83%
Aasia Armenia
79%
Eurooppa Belgia
79%
Etelä-Amerikka Chile
79%
Etelä-Amerikka Bolivia
78%
Etelä-Amerikka Brasilia
78%
Aasia Afganistan
73%
Aasia Azerbaidžan
73%
Pohjois-Amerikka Antigua ja Barbuda
71%
Pohjois-Amerikka Bahama
66%
Etelä-Amerikka Ecuador
64%
Oseania Fidži
64%
Pohjois-Amerikka Barbados
63%
Afrikka Benin
63%
Pohjois-Amerikka Belize
61%
Eurooppa Bosnia ja Hertsegovina
59%
Afrikka Botswana
58%
Aasia Bahrain
55%
Aasia Bangladesh
52%
Pohjois-Amerikka Costa Rica
52%
Oseania Marshallinsaaret
51%
Oseania Mikronesia
51%
Afrikka Burkina Faso
47%
Oseania Kiribati
47%
Ehtoja vastaavia visoja ei löytynyt
Tulosjakauma
Jokaisen tuloksen saaneiden osuus
Persentiili vastausten määrän mukaan
Tuloshistoriasi
Et ole pelannut tätä visaa